00458nam a2200157Ia 4500003000400000005001700004008004100021040001800062041000800080082001500088100004300103245007100146260002300217600003000240650003000270OSt20260327095418.0211028s2009 xx 000 0 und d cAIMIT LIBRRAY aeng a658.3 SHEN aShetty, Namratha;Dhananjaya K.g716027 aA study on the level of employee satisfaction at BSNL, Mangalore / bDhananjaya Kc2009 aHuman Resource Management aHuman Resource Management